00416 a2200121 4500001001000000005001700010008004100027245012100068100001900189700002400208700002100232773004100253ART_5005120260410161631.0260409a 10aLos efectos de las políticas económicas aplicadas durante los años 2004-2016 en el sector privado de Argentina1 aFano, Diego G.1 aLucero, Víctor A.1 aMarín, Antonio0 tEnfoquesg- N°9 (sep. 2019)wREV416